PETROLEUM PRODUCTS HANDBOOK (Record no. 584042)
[ view plain ]
| 000 -LEADER | |
|---|---|
| fixed length control field | 00278nam a22001217a 4500 |
| 082 ## - DEWEY DECIMAL CLASSIFICATION NUMBER | |
| Classification number | 553.28 PET'B |
| 100 ## - MAIN ENTRY--PERSONAL NAME | |
| Personal name | GUTHRIC, V.B |
| 9 (RLIN) | 78971 |
| 245 ## - TITLE STATEMENT | |
| Title | PETROLEUM PRODUCTS HANDBOOK |
| 250 ## - EDITION STATEMENT | |
| Edition statement | 1ST |
| 260 ## - PUBLICATION, DISTRIBUTION, ETC. | |
| Place of publication, distribution, etc. | NEWYORK |
| Name of publisher, distributor, etc. | MCGRAW HILL |
| Date of publication, distribution, etc. | 1969 |
| 300 ## - PHYSICAL DESCRIPTION | |
| Extent | XVIII, 17-34P |
| 942 ## - ADDED ENTRY ELEMENTS (KOHA) | |
| Koha item type | Book |
| Withdrawn status | Lost status | Damaged status | Not for loan | Permanent Location | Current Location | Shelving location | Date acquired | Total Checkouts | Full call number | Barcode | Date last seen | Price effective from | Koha item type |
|---|---|---|---|---|---|---|---|---|---|---|---|---|---|
| College of Electrical & Mechanical Engineering (CEME) | College of Electrical & Mechanical Engineering (CEME) | Reference | 06/21/2017 | 553.28 PET'B | CEME-7235 | 06/28/2021 | 06/28/2021 | Book |
